000
00192nam a2200085 4500
001
1300986
005
20260422151432.0
245
_a
YOKLA KALBİNİ
_c
MEFKURE MALHUN KESKİN
260
_b
ALTIN KALEM
999
_c
1300986
_d
1300986